00273nam a2200109Ia 4500003000400000008004100004040001600045082001500061245002900076260004800105300001000153GCL140319s9999 xx 000 0 eng d aGCL / cGCL04a512.9bS C10aCOLLEGE ALGEBRA, 3RD ED. a[S.N] : bMACMILLAN PUBBISHING CO ، c1993 a694 P